[Event "TCh-CHN 2018"]
[Site "China CHN"]
[Date "2018.04.12"]
[Round "2.3"]
[Board "4"]
[White "Chu, Ruotong"]
[Black "Huang, Qian"]
[Result "0-1"]
[WhiteTitle "WIM"]
[BlackTitle "WGM"]
[WhiteElo "2261"]
[BlackElo "2444"]
[WhiteTeam "Tianjin Team"]
[BlackTeam "Shandong Jingzhi Team"]
[WhiteFideId "8605653"]
[BlackFideId "8602689"]
[EventDate "2018.04.11"]

1. d4 Nf6 2. c4 g6 3. Nc3 Bg7 4. e4 d6 5. Nf3 O-O 6. Be2 Nbd7 7. O-O e5 8. dxe5
dxe5 9. b4 Re8 10. Qc2 c6 11. Rb1 Nf8 12. Rd1 Qc7 13. c5 Ne6 14. Be3 Ng4 15. h3
Nxe3 16. fxe3 Bh6 17. Kf2 Ng5 18. Qd3 Nxf3 19. Bxf3 Qe7 20. Na4 Be6 21. Qe2 Red8
22. Rxd8+ Rxd8 23. a3 f5 24. exf5 gxf5 25. Rd1 e4 26. Bh5 Rd3 27. Rxd3 exd3 28.
Qf3 Qh4+ 29. Qg3+ Qxg3+ 30. Kxg3 Bxe3 31. Nb2 f4+ 32. Kh2 d2 33. g3 Kg7 34. Nd1
Kf6 35. Kg2 Ke5 36. Kf3 Bb3 37. gxf4+ Bxf4 38. Ke2 Be6 39. Nf2 Kd4 40. Bf3 Bc4+ 0-1

[Event "TCh-CHN 2018"]
[Site "China CHN"]
[Date "2018.04.12"]
[Round "2.3"]
[Board "5"]
[White "Xiao, Yiyi"]
[Black "Ning, Kaiyu"]
[Result "0-1"]
[WhiteTitle "WFM"]
[WhiteElo "2295"]
[BlackElo "2217"]
[WhiteTeam "Tianjin Team"]
[BlackTeam "Shandong Jingzhi Team"]
[WhiteFideId "8606161"]
[BlackFideId "8614750"]
[EventDate "2018.04.11"]

1. c4 e5 2. Nc3 Nf6 3. Nf3 Nc6 4. g3 Bb4 5. Bg2 O-O 6. O-O d6 7. Qb3 a5 8. d3 h6
9. Na4 Rb8 10. a3 Bc5 11. Nxc5 dxc5 12. Qc3 Re8 13. b3 b6 14. Bb2 Nd4 15. Rfe1
Bb7 16. Nd2 Bxg2 17. Kxg2 Qd7 18. e3 Qc6+ 19. f3 Nf5 20. Ne4 Rbd8 21. Qc2 Rd7
22. Rad1 Red8 23. Kf2 Qe6 24. Nxf6+ gxf6 25. g4 Nh4 26. Kg3 Ng6 27. h4 f5 28. h5
Nf8 29. d4 fxg4 30. d5 Qd6 31. fxg4 f6 32. Rf1 Rg7 33. e4 Nh7 34. Bc1 Ng5 35.
Rf5 Rf8 36. Rdf1 Rff7 37. Kf2 c6 38. Ke2 cxd5 39. cxd5 Qd7 40. Qd3 b5 41. Be3
Qc8 42. Rc1 Rc7 43. d6 Rc6 44. Bxg5 hxg5 45. Qxb5 Rxd6 46. Rxc5 Qd8 47. Qxa5 Qd7
48. Rd5 Kh7 49. Qc5 Rxd5 50. exd5 Qb7 51. Qc2 Rc7 52. Qd3 Kg7 53. h6+ Kf7 54.
Rf1 e4 55. Qd4 Qb5+ 56. Kf2 Qxb3 57. Kg2 Rc2+ 58. Rf2 Qf3+ 59. Kg1 Rc1+ 0-1

[Event "TCh-CHN 2018"]
[Site "China CHN"]
[Date "2018.04.12"]
[Round "2.4"]
[Board "1"]
[White "Xu, Yi"]
[Black "Wan, Yunguo"]
[Result "1/2-1/2"]
[WhiteTitle "IM"]
[BlackTitle "GM"]
[WhiteElo "2533"]
[BlackElo "2529"]
[WhiteTeam "China Mobil Shanghai Chess Club"]
[BlackTeam "Hebei sports lottery chess team"]
[WhiteFideId "8605564"]
[BlackFideId "8603189"]
[EventDate "2018.04.11"]

1. e4 c5 2. Nf3 d6 3. d4 cxd4 4. Nxd4 Nf6 5. Nc3 a6 6. h4 e5 7. Nb3 Be6 8. f4
exf4 9. Bxf4 Nc6 10. Qd2 d5 11. exd5 Nxd5 12. Nxd5 Qxd5 13. Qxd5 Bxd5 14. O-O-O
O-O-O 15. g3 Bd6 16. Bxd6 Rxd6 17. Rh2 Rhd8 18. Rhd2 Kc7 19. Nd4 Be4 20. Nxc6
Rxc6 21. Bd3 Bxd3 22. Rxd3 Rxd3 23. Rxd3 Rf6 24. Kd2 Rf2+ 25. Kc3 f5 26. b4 g6
27. a4 f4 28. gxf4 Rxf4 29. h5 g5 30. h6 Rf6 31. Rg3 Rg6 32. Kd4 Kd6 33. c4 b6
34. c5+ bxc5+ 35. bxc5+ Kc6 36. Rb3 Kc7 37. Rf3 Kc6 38. Rb3 Kc7 39. Rf3 Rxh6 40.
Kd5 g4 41. Rf7+ Kc8 42. c6 g3 43. Rf8+ Kc7 44. Rf7+ Kd8 45. Rf8+ Kc7 46. Rf7+
Kc8 47. Rf8+ 1/2-1/2

[Event "TCh-CHN 2018"]
[Site "China CHN"]
[Date "2018.04.12"]
[Round "2.4"]
[Board "2"]
[White "Ni, Hua"]
[Black "Liu, Zhaoqi"]
[Result "1-0"]
[WhiteTitle "GM"]
[WhiteElo "2683"]
[BlackElo "2286"]
[WhiteTeam "China Mobil Shanghai Chess Club"]
[BlackTeam "Hebei sports lottery chess team"]
[WhiteFideId "8601160"]
[BlackFideId "8609381"]
[EventDate "2018.04.11"]

1. d4 Nf6 2. c4 c5 3. d5 e6 4. g3 exd5 5. cxd5 d6 6. Nc3 g6 7. Nf3 Bg7 8. Bg2
O-O 9. O-O Re8 10. Re1 a6 11. a4 Nbd7 12. Bf4 Qc7 13. h3 Rb8 14. e4 Nh5 15. Bd2
b5 16. axb5 axb5 17. g4 Nhf6 18. Bf1 b4 19. Nb5 Qb6 20. Qc2 Re7 21. Na7 Bb7 22.
Nc6 Bxc6 23. Ra6 Qd8 24. dxc6 Nb6 25. Bf4 Ne8 26. e5 dxe5 27. Qxc5 Nc7 28. Rxb6
Rxb6 29. Bg5 f6 30. Qxb6 fxg5 31. Nxg5 Qd2 32. Bc4+ Kh8 33. Qb8+ Ne8 34. c7
Qxe1+ 35. Kg2 h6 36. c8=Q hxg5 37. Qxe8+ Rxe8 38. Qxe8+ Kh7 39. Bd3 Qd2 40.
Bxg6+ Kh6 41. Be4 1-0

[Event "TCh-CHN 2018"]
[Site "China CHN"]
[Date "2018.04.12"]
[Round "2.4"]
[Board "3"]
[White "Harikrishna, Pentala"]
[Black "Peng, Hongchi"]
[Result "1-0"]
[WhiteTitle "GM"]
[WhiteElo "2729"]
[BlackElo "2273"]
[WhiteTeam "China Mobil Shanghai Chess Club"]
[BlackTeam "Hebei sports lottery chess team"]
[WhiteFideId "5007003"]
[BlackFideId "8609047"]
[EventDate "2018.04.11"]

1. e4 e6 2. d4 d5 3. Nd2 dxe4 4. Nxe4 Nd7 5. Nf3 Ngf6 6. Bd3 c5 7. O-O Nxe4 8.
Bxe4 Nf6 9. Bg5 cxd4 10. Nxd4 Be7 11. Bf3 a6 12. Bf4 O-O 13. c3 Nd5 14. Bg3 Qb6
15. Qb3 Qxb3 16. axb3 Bc5 17. Rfd1 Ra7 18. Nc2 Be7 19. Bxd5 exd5 20. Ne3 d4 21.
Nd5 Bf6 22. Nxf6+ gxf6 23. Rxd4 Re8 24. Bh4 Kg7 25. Rd6 Be6 26. b4 Raa8 27. Rd3
Bf5 28. Rf3 Re5 29. g4 Be4 30. Bxf6+ Kg6 31. Rf4 Re6 32. Bd4 Bc6 33. h4 h5 34.
Kh2 hxg4 35. Rxg4+ Kf5 36. Rg5+ Kf4 37. b5 Be4 38. Re1 f5 39. bxa6 Raxa6 40.
Be3+ Ke5 41. Kg3 Kd5 42. Bd4 Rg6 43. Kf4 Kc4 44. f3 Bd3 45. Rxg6 Rxg6 46. h5 Rh6
47. Kg5 Rh7 48. f4 Rh8 1-0

[Event "TCh-CHN 2018"]
[Site "China CHN"]
[Date "2018.04.12"]
[Round "2.4"]
[Board "4"]
[White "Zhai, Mo"]
[Black "Harika, Dronavalli"]
[Result "1/2-1/2"]
[WhiteTitle "WGM"]
[BlackTitle "GM"]
[WhiteElo "2352"]
[BlackElo "2498"]
[WhiteTeam "Hebei sports lottery chess team"]
[BlackTeam "China Mobil Shanghai Chess Club"]
[WhiteFideId "8600201"]
[BlackFideId "5015197"]
[EventDate "2018.04.11"]

1. d4 e6 2. c4 d5 3. Nf3 Nf6 4. Bg5 Nbd7 5. e3 h6 6. Bh4 Be7 7. Nc3 O-O 8. Qc2
c5 9. cxd5 Nxd5 10. Bxe7 Nxe7 11. Rd1 Qa5 12. Be2 Nf6 13. O-O cxd4 14. Nxd4 Bd7
15. Bf3 Qb6 16. Qb3 Qxb3 17. Nxb3 Bc6 18. Bxc6 Nxc6 19. Nc5 Rfd8 20. h3 Kf8 21.
f4 b6 22. Nb7 Rxd1 23. Rxd1 Rb8 24. Nd6 Rd8 25. e4 e5 26. fxe5 Nxe5 27. Kf2 g6
28. Ke2 a6 29. Na4 Nfd7 30. Rc1 Nf6 31. Rd1 Nfd7 32. Rc1 Nf6 33. Rd1 1/2-1/2

[Event "TCh-CHN 2018"]
[Site "China CHN"]
[Date "2018.04.12"]
[Round "2.4"]
[Board "5"]
[White "Guo, Weibao"]
[Black "Ju, Wenjun"]
[Result "0-1"]
[BlackTitle "GM"]
[WhiteElo "1838"]
[BlackElo "2568"]
[WhiteTeam "Hebei sports lottery chess team"]
[BlackTeam "China Mobil Shanghai Chess Club"]
[WhiteFideId "8608440"]
[BlackFideId "8603006"]
[EventDate "2018.04.11"]

1. d4 Nf6 2. c4 e6 3. Nc3 Bb4 4. Qc2 O-O 5. Nf3 c5 6. dxc5 Na6 7. a3 Bxc3+ 8.
Qxc3 Nxc5 9. Bg5 Nfe4 10. Bxd8 Nxc3 11. Be7 Nb3 12. Bxf8 Kxf8 13. Rd1 Nxd1 14.
Kxd1 d5 15. e3 Bd7 16. cxd5 Rc8 17. Ne5 Rc1+ 18. Ke2 Bb5+ 19. Nd3 exd5 20. a4
Bc4 21. h4 Rc2+ 22. Kf3 Nd2+ 23. Kg4 Nxf1 0-1

[Event "TCh-CHN 2018"]
[Site "China CHN"]
[Date "2018.04.12"]
[Round "2.5"]
[Board "1"]
[White "Zhou, Weiqi"]
[Black "Yu, Yangyi"]
[Result "0-1"]
[WhiteTitle "GM"]
[BlackTitle "GM"]
[WhiteElo "2597"]
[BlackElo "2764"]
[WhiteTeam "Chongqing Team"]
[BlackTeam "Beijing Beiao team"]
[WhiteFideId "8601674"]
[BlackFideId "8603820"]
[EventDate "2018.04.11"]

1. d4 d6 2. e4 Nf6 3. Nc3 Nbd7 4. Nf3 e5 5. Bc4 Be7 6. O-O O-O 7. Re1 c6 8. a4
a5 9. b3 exd4 10. Nxd4 Ne5 11. Bf1 Re8 12. Ba3 Qb6 13. Qd2 Bd7 14. Rad1 Rad8 15.
f3 h6 16. Qf2 Bf8 17. Nde2 Qc7 18. h3 b5 19. axb5 cxb5 20. Nd5 Nxd5 21. Rxd5 b4
22. Bb2 Qxc2 23. Nd4 Qxf2+ 24. Kxf2 a4 25. bxa4 Bxa4 26. Ra5 Ra8 27. Rxa8 Rxa8
28. Ra1 Nd7 29. Bb5 Nb6 30. Ke2 d5 31. Bxa4 Rxa4 32. Nb3 dxe4 33. fxe4 g5 34.
Kd3 Bg7 35. Rxa4 Nxa4 36. Bc1 Bc3 37. h4 f6 38. hxg5 fxg5 39. Kc4 Nb6+ 40. Kc5
Nd7+ 41. Kd6 Ne5 42. Ke6 Kg7 43. Be3 Kg6 44. Bb6 h5 45. Bc7 Nd3 46. Kd5 h4 47.
e5 Nf4+ 48. Ke4 Nxg2 49. e6 h3 50. Bg3 Nf4 51. e7 Kf7 52. Kf5 Ne2 53. Bd6 Nd4+ 0-1

[Event "TCh-CHN 2018"]
[Site "China CHN"]
[Date "2018.04.12"]
[Round "2.5"]
[Board "2"]
[White "Andreikin, Dmitry"]
[Black "Li, Chao b"]
[Result "1/2-1/2"]
[WhiteTitle "GM"]
[BlackTitle "GM"]
[WhiteElo "2719"]
[BlackElo "2703"]
[WhiteTeam "Chongqing Team"]
[BlackTeam "Beijing Beiao team"]
[WhiteFideId "4158814"]
[BlackFideId "8604436"]
[EventDate "2018.04.11"]

1. e4 e5 2. Nf3 Nf6 3. d4 Nxe4 4. Bd3 d5 5. Nxe5 Nd7 6. Nxd7 Bxd7 7. O-O Be7 8.
Nd2 Nf6 9. h3 O-O 10. Nf3 Re8 11. c3 c5 12. Be3 c4 13. Bc2 Bd6 14. Ne5 Bxe5 15.
dxe5 Rxe5 16. Bd4 Re8 17. Re1 Ne4 18. f3 Ng5 19. Qd2 Ne6 20. Bf2 Bc6 21. Bf5 Qf6
22. Bxe6 fxe6 23. Bd4 e5 24. Rxe5 Rxe5 25. f4 Re2 26. Qxe2 Qxf4 27. Rf1 Qd6 28.
Qg4 Qd7 29. Qf4 Qe7 30. Rf3 Rf8 31. Qxf8+ Qxf8 32. Rxf8+ Kxf8 33. Bxa7 Kf7 1/2-1/2

[Event "TCh-CHN 2018"]
[Site "China CHN"]
[Date "2018.04.12"]
[Round "2.5"]
[Board "3"]
[White "Zeng, Chongsheng"]
[Black "Wang, Yiye"]
[Result "1-0"]
[WhiteTitle "GM"]
[BlackTitle "IM"]
[WhiteElo "2535"]
[BlackElo "2437"]
[WhiteTeam "Chongqing Team"]
[BlackTeam "Beijing Beiao team"]
[WhiteFideId "8603847"]
[BlackFideId "8606021"]
[EventDate "2018.04.11"]

1. d4 Nf6 2. c4 e6 3. g3 d5 4. Nf3 Be7 5. Bg2 O-O 6. O-O dxc4 7. Ne5 Qd6 8. Nxc4
Qa6 9. b3 Rd8 10. Nc3 c5 11. a4 cxd4 12. Nb5 Ne8 13. Ba3 Bxa3 14. Nbxa3 f6 15.
f4 e5 16. f5 Nd6 17. b4 Nxf5 18. b5 Qe6 19. Bh3 Qe7 20. Bxf5 Bxf5 21. Rxf5 Nd7
22. Qb3 Kh8 23. Raf1 Nc5 24. Qb4 Rac8 25. Nd2 Qe6 26. Nac4 h6 27. b6 Na6 28. Qb1
axb6 29. Nxb6 Rc6 30. a5 Nc5 31. Qb5 Qa2 32. Nbc4 d3 33. e3 Ne4 34. Nxe4 Rxc4
35. Qb6 Rcc8 36. Rxf6 gxf6 37. Qxf6+ Kg8 38. Qg6+ 1-0

[Event "TCh-CHN 2018"]
[Site "China CHN"]
[Date "2018.04.12"]
[Round "2.5"]
[Board "4"]
[White "Wang, Yu A."]
[Black "Lei, Tingjie"]
[Result "1/2-1/2"]
[WhiteTitle "IM"]
[BlackTitle "GM"]
[WhiteElo "2303"]
[BlackElo "2457"]
[WhiteTeam "Beijing Beiao team"]
[BlackTeam "Chongqing Team"]
[WhiteFideId "8601097"]
[BlackFideId "8605114"]
[EventDate "2018.04.11"]

1. e4 e5 2. Nf3 Nc6 3. Nc3 Nf6 4. d4 exd4 5. Nxd4 Bb4 6. Nxc6 bxc6 7. Bd3 d5 8.
exd5 cxd5 9. O-O O-O 10. Bg5 c6 11. Qf3 Rb8 12. Ne2 Bg4 13. Bxf6 Bxf3 14. Bxd8
Bxe2 15. Bxe2 Rfxd8 16. Rfd1 Be7 17. b3 Bf6 18. Rab1 Bc3 19. Rd3 d4 20. Rf3 g6
21. Bc4 Rd7 22. Rd1 Re7 23. g4 Kg7 24. Kg2 f6 25. h4 Rbe8 26. Rh3 Re4 27. Kf3
R4e5 28. Bd3 h6 29. h5 g5 30. Kg2 a5 1/2-1/2

[Event "TCh-CHN 2018"]
[Site "China CHN"]
[Date "2018.04.12"]
[Round "2.5"]
[Board "5"]
[White "Wang, Jue"]
[Black "Tan, Zhongyi"]
[Result "1/2-1/2"]
[WhiteTitle "WGM"]
[BlackTitle "GM"]
[WhiteElo "2367"]
[BlackElo "2513"]
[WhiteTeam "Beijing Beiao team"]
[BlackTeam "Chongqing Team"]
[WhiteFideId "8604070"]
[BlackFideId "8603642"]
[EventDate "2018.04.11"]

1. e4 e5 2. Nf3 Nc6 3. Nc3 Nf6 4. d4 exd4 5. Nxd4 Bb4 6. Nxc6 bxc6 7. Bd3 d5 8.
exd5 cxd5 9. O-O O-O 10. Bg5 c6 11. Qf3 Bd6 12. Rae1 Rb8 13. Nd1 h6 14. Bxf6
Qxf6 15. Qxf6 gxf6 16. b3 a5 17. Ne3 a4 18. Nf5 Bxf5 19. Bxf5 Rfd8 20. Re3 Rb4
21. g3 Be5 22. Rd1 axb3 23. axb3 Kf8 24. Kg2 Rd4 25. Bd3 Rb4 26. Bf5 Rd4 27. Bd3
Rb4 28. Bf5 Rd4 29. Bd3 Rb4 30. Bf5 Rd4 31. Bd3 1/2-1/2

[Event "TCh-CHN 2018"]
[Site "China CHN"]
[Date "2018.04.12"]
[Round "2.6"]
[Board "1"]
[White "Lin, Yi"]
[Black "Cheparinov, Ivan"]
[Result "0-1"]
[BlackTitle "GM"]
[WhiteElo "2359"]
[BlackElo "2711"]
[WhiteTeam "Hangzhou Turbine Team"]
[BlackTeam "Shenzhen Longgang Chess association"]
[WhiteFideId "8609659"]
[BlackFideId "2905540"]
[EventDate "2018.04.11"]

1. d4 f5 2. Nc3 Nf6 3. Bg5 d5 4. Bxf6 exf6 5. e3 Be6 6. Qf3 Qd7 7. Bd3 Nc6 8. a3
O-O-O 9. Nge2 g5 10. g3 Kb8 11. O-O-O Ne7 12. h4 Bg7 13. Kb1 Nc8 14. Qg2 Qf7 15.
f3 h6 16. Nc1 Nd6 17. Nb3 Rhe8 18. Rhe1 c6 19. a4 Qc7 20. Nc5 Bc8 21. Qf2 Re7
22. Bf1 Rde8 23. b3 Bf8 24. Kb2 Qb6 25. Ra1 a5 26. Ka2 h5 27. Rad1 Bh6 28. f4 g4
29. Qd2 Bf8 30. Rb1 Ka8 31. Bg2 Qa7 32. Ka1 b6 33. Nd3 Re6 34. Nd1 Qe7 35. Rb2
Bb7 36. Kb1 Ba6 37. c3 Qc7 38. N1f2 Kb8 39. Rc2 Qe7 40. Nd1 Ka7 41. N3f2 Rb8 42.
Ra2 Rd8 43. Nb2 Re8 44. Nbd1 Bb7 45. Bf1 Rd8 46. Rb2 Qe8 47. Qc2 c5 48. Bd3 cxd4
49. cxd4 Rc8 50. Qe2 Re7 51. Rc2 Rec7 52. Rxc7 Rxc7 53. Nb2 Rc3 54. Ka2 Ne4 55.
Nxe4 fxe4 56. Bb5 Qe7 57. Kb1 Rxb3 58. Rc1 Qa3 59. Rc7 Bd6 60. Rd7 Rxe3 61. Qc2
Rc3 62. Qe2 Rc7 0-1

[Event "TCh-CHN 2018"]
[Site "China CHN"]
[Date "2018.04.12"]
[Round "2.6"]
[Board "2"]
[White "Xiang, Zeyu"]
[Black "Zhou, Jianchao"]
[Result "1/2-1/2"]
[BlackTitle "GM"]
[WhiteElo "2435"]
[BlackElo "2617"]
[WhiteTeam "Hangzhou Turbine Team"]
[BlackTeam "Shenzhen Longgang Chess association"]
[WhiteFideId "8608547"]
[BlackFideId "8603537"]
[EventDate "2018.04.11"]

1. d4 d5 2. c4 e6 3. Nf3 a6 4. cxd5 exd5 5. Nc3 Nf6 6. Bg5 Be6 7. e3 Nbd7 8. Bd3
Bd6 9. O-O c6 10. Bf4 Qc7 11. Bxd6 Qxd6 12. Qc2 O-O 13. h3 Nb6 14. Rac1 Rfe8 15.
b3 Qd8 16. Ne5 Nc8 17. Na4 Nd6 18. Nc5 g6 19. b4 Nfe4 20. a4 Bf5 21. Bxe4 Bxe4
22. Nxe4 Nxe4 23. Rfd1 Nd6 24. Qb3 Re6 25. Nd3 Qg5 26. Kh2 Rae8 27. Ne5 h5 28.
Qd3 Qe7 29. Rb1 g5 30. Kg1 Ne4 31. Rb2 f6 32. Nf3 g4 33. Nh4 g3 34. fxg3 Nxg3
35. Nf5 Nxf5 36. Qxf5 Qh7 37. Rf1 Qxf5 38. Rxf5 Rxe3 39. Rxf6 Re2 40. Rxe2 Rxe2
41. b5 Ra2 42. bxc6 bxc6 43. Rxc6 Rxa4 44. Rd6 1/2-1/2

[Event "TCh-CHN 2018"]
[Site "China CHN"]
[Date "2018.04.12"]
[Round "2.6"]
[Board "3"]
[White "Zou, Chen"]
[Black "Liu, Qingnan"]
[Result "0-1"]
[WhiteTitle "FM"]
[BlackTitle "GM"]
[WhiteElo "2384"]
[BlackElo "2538"]
[WhiteTeam "Hangzhou Turbine Team"]
[BlackTeam "Shenzhen Longgang Chess association"]
[WhiteFideId "8610959"]
[BlackFideId "8603294"]
[EventDate "2018.04.11"]

1. e4 c5 2. Nf3 Nc6 3. Bb5 g6 4. Bxc6 dxc6 5. d3 Bg7 6. h3 e5 7. Nc3 Qe7 8. Be3
Nf6 9. Qd2 h6 10. a3 Nd7 11. Na4 b5 12. Nc3 Nf8 13. a4 b4 14. Ne2 Ba6 15. O-O
Ne6 16. b3 f5 17. exf5 gxf5 18. Ng3 f4 19. Nf5 fxe3 20. Qxe3 Qf6 21. Nxg7+ Qxg7
22. Nxe5 O-O 23. f4 Rae8 24. Rae1 Rf5 25. Ng4 h5 26. Qe4 Rff8 27. Ne5 Nd4 28.
Rf2 Bc8 29. Qe3 h4 30. Kh1 Be6 31. Qd2 Bd5 32. Ng4 Nf5 33. Re5 Ng3+ 34. Kg1 Rxe5
35. fxe5 Rxf2 36. Kxf2 Qg6 37. Qf4 Kg7 38. Nf6 Qf5 39. Qxf5 Nxf5 40. Nd7 Nd4 41.
Nxc5 Nxc2 42. g3 hxg3+ 43. Kxg3 Nd4 44. Na6 Bxb3 45. Nxb4 a5 46. Na6 Bxa4 47.
Nc5 Bc2 48. Kf4 a4 49. Na6 a3 50. Nb4 Bb3 0-1

[Event "TCh-CHN 2018"]
[Site "China CHN"]
[Date "2018.04.12"]
[Round "2.6"]
[Board "4"]
[White "Zhang, Xiaowen"]
[Black "Zhao, Shengxin"]
[Result "1-0"]
[WhiteTitle "WGM"]
[BlackTitle "WFM"]
[WhiteElo "2318"]
[BlackElo "2133"]
[WhiteTeam "Shenzhen Longgang Chess association"]
[BlackTeam "Hangzhou Turbine Team"]
[WhiteFideId "8603219"]
[BlackFideId "8608040"]
[EventDate "2018.04.11"]

1. e4 c5 2. Nf3 d6 3. d4 cxd4 4. Nxd4 Nf6 5. Nc3 a6 6. h3 e5 7. Nde2 h5 8. g3
Be6 9. Bg2 b5 10. O-O Nbd7 11. a4 b4 12. Nd5 Bxd5 13. exd5 Be7 14. Bd2 Rb8 15.
c3 bxc3 16. Bxc3 Nc5 17. b4 Nce4 18. Be1 h4 19. g4 Qb6 20. Kh2 Ng5 21. f4 exf4
22. Rxf4 Nd7 23. Rc1 Bf6 24. Rxf6 Nxf6 25. Nd4 O-O 26. Rc6 Qb7 27. Nf5 Qa7 28.
Bxh4 Nfe4 29. Qd3 Rxb4 30. Bxg5 Qf2 31. Rc2 Qe1 32. Bh4 Qb1 33. Bxe4 Re8 34.
Nxd6 Reb8 35. Qf3 f6 36. Rc8+ 1-0

[Event "TCh-CHN 2018"]
[Site "China CHN"]
[Date "2018.04.12"]
[Round "2.6"]
[Board "5"]
[White "Vo, Thi Kim Phung"]
[Black "Zhou, Zirun"]
[Result "1/2-1/2"]
[WhiteTitle "WGM"]
[WhiteElo "2354"]
[BlackElo "2152"]
[WhiteTeam "Shenzhen Longgang Chess association"]
[BlackTeam "Hangzhou Turbine Team"]
[WhiteFideId "12401838"]
[BlackFideId "8610975"]
[EventDate "2018.04.11"]

1. d4 Nf6 2. c4 e6 3. Nc3 d5 4. Bg5 Be7 5. e3 Nbd7 6. cxd5 exd5 7. Bd3 c6 8. Qc2
h6 9. Bh4 Nh5 10. Bxe7 Qxe7 11. Nge2 Nb6 12. h3 Be6 13. g4 Nf6 14. Ng3 g6 15.
O-O-O O-O-O 16. Kb1 Kb8 17. Rhe1 Rc8 18. Qe2 Rhd8 19. Qf3 Rc7 20. Qf4 g5 21. Qf3
Nc8 22. Nf5 Bxf5 23. Qxf5 Nd6 24. Qf3 Re8 25. Qg3 Nfe4 26. Bxe4 Nxe4 27. Nxe4
Qxe4+ 28. Ka1 f5 29. gxf5 Qxf5 30. h4 g4 31. h5 Kc8 32. Rg1 Rg7 33. Rh1 Rg5 34.
Rdg1 Rf8 35. Qd6 Qf6 36. Qc5 Qxf2 37. a3 g3 38. Rg2 Qf3 39. Rhg1 Rfg8 40. Qxa7
Qxh5 41. Qa8+ Kc7 42. Qa5+ Kb8 43. Rxg3 Rxg3 44. Rxg3 Rxg3 45. Qd8+ Ka7 46. Qa5+
Kb8 47. Qd8+ Ka7 48. Qa5+ 1/2-1/2

[Event "TCh-CHN 2018"]
[Site "China CHN"]
[Date "2018.04.13"]
[Round "3.1"]
[Board "1"]
[White "Cheparinov, Ivan"]
[Black "Li, Shilong"]
[Result "1/2-1/2"]
[WhiteTitle "GM"]
[BlackTitle "GM"]
[WhiteElo "2711"]
[BlackElo "2498"]
[WhiteTeam "Shenzhen Longgang Chess association"]
[BlackTeam "Guangdong Ding Xin High Tech Team"]
[WhiteFideId "2905540"]
[BlackFideId "8600678"]
[EventDate "2018.04.11"]

1. c4 e5 2. Nc3 Bb4 3. Nd5 a5 4. Nf3 d6 5. a3 Bc5 6. e3 Nf6 7. d4 Nxd5 8. cxd5
exd4 9. exd4 Bb6 10. Bg5 f6 11. Be3 O-O 12. Bd3 f5 13. Qc2 h6 14. O-O f4 15. Bd2
Bg4 16. Be4 Nd7 17. Qd3 Qf6 18. Bc3 Bf5 19. Rae1 Bxe4 20. Qxe4 Qf5 21. Qe6+ Qxe6
22. dxe6 Nf6 23. h4 Nd5 24. Re4 Rf5 25. Bd2 Re8 26. b3 Kh7 27. Rfe1 Re7 28. Kh2
Kg6 29. a4 c6 30. Kh3 Rf8 31. R1e2 Kh5 32. Re1 g5 33. g4+ Kg6 34. R4e2 Rfe8 35.
Kg2 Nc7 36. b4 axb4 37. Bxb4 Rxe6 38. Rxe6+ Rxe6 39. Rxe6+ Nxe6 40. Bxd6 Bxd4
41. h5+ Kf7 42. Nxd4 Nxd4 43. Be5 Nb3 44. Kf3 b6 45. Bc7 Nd2+ 46. Ke2 Nc4 47. a5
bxa5 48. Kd3 Nb2+ 49. Kc2 Na4 50. Bxa5 Nc5 51. f3 Nd7 52. Bc3 Ke6 53. Kd3 Kd5
54. Bg7 Ne5+ 55. Ke2 Nf7 56. Kd3 c5 57. Ke2 Kc4 58. Bf8 Kd4 59. Bg7+ Kd5 60. Kd3
Ne5+ 61. Ke2 Nf7 62. Kd3 1/2-1/2

[Event "TCh-CHN 2018"]
[Site "China CHN"]
[Date "2018.04.13"]
[Round "3.1"]
[Board "2"]
[White "Zhou, Jianchao"]
[Black "Zhao, Chenxi"]
[Result "1-0"]
[WhiteTitle "GM"]
[WhiteElo "2617"]
[BlackElo "2328"]
[WhiteTeam "Shenzhen Longgang Chess association"]
[BlackTeam "Guangdong Ding Xin High Tech Team"]
[WhiteFideId "8603537"]
[BlackFideId "8611513"]
[EventDate "2018.04.11"]

1. d4 Nf6 2. c4 b6 3. f3 Nc6 4. Nc3 Bb7 5. d5 Ne5 6. e4 e6 7. f4 Ng6 8. e5 Ng8
9. Nf3 Bb4 10. Bd3 exd5 11. cxd5 Nh4 12. g3 Nxf3+ 13. Qxf3 Ne7 14. Be4 O-O 15.
O-O d6 16. f5 dxe5 17. d6 Bc5+ 18. Kh1 Bxe4 19. Nxe4 Bxd6 20. f6 Nd5 21. fxg7
Kxg7 22. Qh5 f6 23. Bh6+ Kh8 24. Rad1 c6 25. Bxf8 Qxf8 26. Ng5 Qe7 27. Rxd5 cxd5
28. Rxf6 1-0

[Event "TCh-CHN 2018"]
[Site "China CHN"]
[Date "2018.04.13"]
[Round "3.1"]
[Board "3"]
[White "Liu, Qingnan"]
[Black "Xu, Yinglun"]
[Result "1/2-1/2"]
[WhiteTitle "GM"]
[BlackTitle "GM"]
[WhiteElo "2538"]
[BlackElo "2531"]
[WhiteTeam "Shenzhen Longgang Chess association"]
[BlackTeam "Guangdong Ding Xin High Tech Team"]
[WhiteFideId "8603294"]
[BlackFideId "8604940"]
[EventDate "2018.04.11"]

1. e4 c5 2. Nf3 d6 3. d4 cxd4 4. Nxd4 Nf6 5. Nc3 a6 6. Bg5 Nbd7 7. f4 Qb6 8. Qd2
e5 9. Nf5 Qxb2 10. Rb1 Qa3 11. Be2 h6 12. Bh4 exf4 13. O-O g6 14. Rxf4 g5 15.
Rb3 Qa5 16. Nxd6+ Bxd6 17. Qxd6 Qc5+ 18. Qxc5 Nxc5 19. Rxf6 gxh4 20. Bc4 Be6 21.
Bxe6 fxe6 22. Rb4 Ke7 23. e5 h3 24. Ne2 Raf8 25. Rxf8 Rxf8 26. Nf4 Rd8 27. Nd3
a5 28. Rb5 Nxd3 29. Rxb7+ Kf8 30. cxd3 Rxd3 31. gxh3 1/2-1/2